|
|
|
|
| LEADER |
01417nam a2200373 a 4500 |
| 001 |
000746276 |
| 003 |
CZ BrMZK |
| 005 |
20090610125531.0 |
| 007 |
ta |
| 008 |
041027s2003 xr a er 000 0 cze d |
| 020 |
|
|
|a 80-7044-563-7
|q (brož.)
|
| 040 |
|
|
|a BOA001
|b cze
|
| 041 |
0 |
|
|a cze
|a slo
|
| 072 |
|
7 |
|a 796
|x Sport. Hry. Tělesná cvičení
|2 Konspekt
|9 20
|
| 080 |
|
|
|a 796.012.6:37.016
|2 MRF
|
| 080 |
|
|
|a 793.3:37.016
|2 MRF
|
| 080 |
|
|
|a (082)
|2 MRF
|
| 245 |
0 |
0 |
|a Pohyb a výchova /
|c [editor Martin Nosek]
|
| 250 |
|
|
|a Vyd. 1.
|
| 260 |
|
|
|a V Ústí nad Labem :
|b Univerzita J.E. Purkyně,
|c 2003
|
| 300 |
|
|
|a 116 s. :
|b il. ;
|c 21 cm
|
| 490 |
1 |
|
|a Sborníky / Univerzita J.E. Purkyně v Ústí nad Labem. Pedagogická fakulta
|
| 500 |
|
|
|a Na obálce nad názvem: Univerzita J.E. Purkyně v Ústí nad Labem. Pedagogická fakulta. Katedra tělesné výchovy
|
| 500 |
|
|
|a 120 výt.
|
| 504 |
|
|
|a Obsahuje bibliografie
|
| 546 |
|
|
|a Český a slovenský text
|
| 650 |
0 |
7 |
|a tělesná výchova
|7 ph116513
|2 czenas
|
| 650 |
0 |
7 |
|a pohybová výchova
|7 ph124202
|2 czenas
|
| 655 |
|
7 |
|a sborníky
|7 fd163935
|2 czenas
|
| 700 |
1 |
|
|a Nosek, Martin
|7 xx0014705
|4 edt
|4 red
|
| 810 |
2 |
|
|a Univerzita J.E. Purkyně v Ústí nad Labem.
|b Pedagogická fakulta.
|t Sborníky
|0 s
|
| 910 |
|
|
|a BOA001
|b 2-1136.925
|
| 990 |
|
|
|a BK
|
| 996 |
6 |
|
|b 2610230757
|c 2-1136.925
|l MZK
|r Sklad / do 1 hodiny
|n 2
|p p.v.
|w 000746276
|u 000010
|a 1
|e BOA001
|j MZK50
|s P
|